| 000 | 00690nam a2200193 i 4500 | ||
|---|---|---|---|
| 001 | 88744 | ||
| 003 | ES-MaACL | ||
| 005 | 20230906175922.0 | ||
| 007 | t| | ||
| 008 | 041220s2001 sp ||||1| spa d | ||
| 020 | _a84-88652-79-8 | ||
| 080 | _a342.25(460.35)"1981" | ||
| 245 | 0 | 0 |
_aVeinte años después _b: los redactores del Estatuto reflexionan sobre la autonomía andaluza. |
| 260 |
_aSevilla : _bParlamento de Andalucía, Servicio del Diario de Sesiones y Publicaciones no Periódicas, _c[2001] |
||
| 300 |
_a353 p. ; _c22 cm. |
||
| 610 | 1 | 7 |
_aAndalucía. _bEstatuto de Autonomía, 1981. _91395 |
| 710 | 1 |
_aAndalucía. _bParlamento. _91397 |
|
| 852 |
_aES-MaACL _jE-10591 _bR.134841 |
||
| 999 |
_c88744 _d88744 |
||